[Event "Internationaal Jeugdtoernooi Limburg 5"]
[Site "Stein"]
[Date "1999.07.10"]
[Round "5"]
[White "Fragniere, Thiery"]
[Black "Ibrahim, Ashraf"]
[Result "1/2-1/2"]
[WhiteElo "1950"]
[BlackElo "1606"]
[PlyCount "108"]
[EventDate "1999.07.08"]
[EventType "swiss"]
[EventRounds "7"]
[EventCountry "NED"]
[Source "P.Boonen"]
[SourceDate "2009.01.01"]

1. d4 Nf6 2. c4 e6 3. Nf3 b6 4. a3 Bb7 5. Nc3 d5 6. Bg5 Be7 7. e3 O-O 8. Bd3
Nbd7 9. O-O h6 10. Bh4 c5 11. Rc1 Rc8 12. Qe2 dxc4 13. Bxc4 Bxf3 14. gxf3 cxd4
15. exd4 Nh5 16. Bg3 Bg5 17. Rcd1 Nf4 18. Bxf4 Bxf4 19. Ne4 Qc7 20. Bb3 Bxh2+
21. Kg2 Bf4 22. Rh1 e5 23. d5 Nc5 24. d6 Qd7 25. Bc4 Qf5 26. Nxc5 Rxc5 27. b4
Rc6 28. Bb5 Qg6+ 29. Kh3 Rxd6 30. Bd3 Qe6+ 31. Kg2 Rfd8 32. Bc2 g6 33. Rxd6
Rxd6 34. Rd1 Qe7 35. Bb3 Qg5+ 36. Kf1 Qh4 37. Qe4 Rxd1+ 38. Bxd1 Qh3+ 39. Ke2
Qd7 40. Bb3 Kg7 41. Kf1 Qh3+ 42. Ke2 Qd7 43. Kf1 h5 44. Qc4 h4 45. Kg2 h3+ 46.
Kh1 Qb7 47. Kg1 Qe7 48. Kh1 Qb7 49. Kg1 Bg5 50. Qg4 Bf4 51. Qxh3 Qc6 52. Kg2 e4
53. fxe4 Qxe4+ 54. Kf1 Qb1+ 1/2-1/2

[Event "Internationaal Jeugdtoernooi Limburg 5"]
[Site "Stein"]
[Date "1999.07.10"]
[Round "5"]
[White "Michiels, Bart"]
[Black "Wirig, Anthony"]
[Result "1/2-1/2"]
[WhiteElo "2007"]
[BlackElo "2150"]
[PlyCount "80"]
[EventDate "1999.07.08"]
[EventType "swiss"]
[EventRounds "7"]
[EventCountry "NED"]
[Source "P.Boonen"]
[SourceDate "2009.01.01"]

1. e4 c5 2. Nf3 Nc6 3. d4 cxd4 4. Nxd4 g6 5. c4 Nf6 6. Nc3 Nxd4 7. Qxd4 d6 8.
Be2 Bg7 9. Be3 O-O 10. Qd2 Be6 11. f3 Qa5 12. Rc1 Rfc8 13. b3 a6 14. Nd5 Qxd2+
15. Kxd2 Bxd5 16. exd5 Nd7 17. f4 Nf6 18. Bf3 Nd7 19. Rc2 a5 20. Rb1 Nc5 21. a3
b6 22. Ke2 Rab8 23. b4 axb4 24. Rxb4 Rc7 25. Rc1 Bf6 26. Rcb1 Ra8 27. Rxb6 Rxa3
28. Rc6 Rb7 29. Rb5 Ra2+ 30. Kf1 Ra1+ 31. Ke2 Ra2+ 32. Kf1 Ra1+ 33. Kf2 Rb1 34.
Bxc5 dxc5 35. d6 R7xb5 36. cxb5 exd6 37. b6 Kg7 38. Rxd6 c4 39. b7 c3 40. Be4
c2 1/2-1/2

[Event "Internationaal Jeugdtoernooi Limburg 5"]
[Site "Stein"]
[Date "1999.07.10"]
[Round "5"]
[White "Simenon, Jozef"]
[Black "Severijnen, Arjon"]
[Result "1/2-1/2"]
[WhiteElo "1600"]
[BlackElo "1565"]
[PlyCount "85"]
[EventDate "1999.07.08"]
[EventType "swiss"]
[EventRounds "7"]
[EventCountry "NED"]
[Source "P.Boonen"]
[SourceDate "2009.01.01"]

1. e4 d5 2. exd5 Qxd5 3. Nc3 Qa5 4. d3 c6 5. Bd2 Qc7 6. g3 Nf6 7. Bg2 Bg4 8.
Nf3 e6 9. O-O Bc5 10. Ne4 Nbd7 11. Nxc5 Nxc5 12. Re1 O-O 13. a3 Rfe8 14. Bg5
Nd5 15. Qd2 f6 16. Be3 Nxe3 17. Qxe3 Qd6 18. Nd2 e5 19. f3 Bf5 20. Ne4 Bxe4 21.
dxe4 Red8 22. Qe2 Qd4+ 23. Kh1 Ne6 24. c3 Qd3 25. Bf1 Qxe2 26. Rxe2 Rd7 27. Bh3
Kf7 28. Kg2 Rad8 29. Bxe6+ Kxe6 30. Kf2 Rd2 31. Rae1 R8d3 32. Rxd2 Rxd2+ 33.
Re2 Rxe2+ 34. Kxe2 Kd6 35. b4 c5 36. Kd3 Kc6 37. a4 cxb4 38. cxb4 b6 39. Kc4 a5
40. b5+ Kd6 41. h4 g6 42. g4 h6 43. h5 1/2-1/2

[Event "Internationaal Jeugdtoernooi Limburg 5"]
[Site "Stein"]
[Date "1999.07.10"]
[Round "5"]
[White "Van Otten, Gerard J"]
[Black "Van Gemen, Felix"]
[Result "1/2-1/2"]
[WhiteElo "1937"]
[BlackElo "1730"]
[PlyCount "121"]
[EventDate "1999.07.08"]
[EventType "swiss"]
[EventRounds "7"]
[EventCountry "NED"]
[Source "P.Boonen"]
[SourceDate "2009.01.01"]

1. Nf3 c5 2. e4 Nc6 3. d4 cxd4 4. Nxd4 Nf6 5. Nc3 e6 6. Ndb5 d6 7. Bf4 e5 8.
Bg5 a6 9. Na3 b5 10. Nd5 Be7 11. Bxf6 Bxf6 12. c3 O-O 13. Nc2 Bg5 14. a4 Be6
15. axb5 axb5 16. Rxa8 Qxa8 17. Bxb5 Qb7 18. Bxc6 Qxc6 19. h4 Bd8 20. Nce3 g6
21. g4 Kh8 22. h5 Bg5 23. Qf3 Ra8 24. hxg6 fxg6 25. O-O Kg7 26. Kg2 Rf8 27. Qe2
Qd7 28. f3 h5 29. Rh1 Qf7 30. gxh5 gxh5 31. Rg1 h4 32. Kf1 Qxf3+ 33. Qxf3 Rxf3+
34. Ke2 Rg3 35. Rxg3 hxg3 36. Kf3 Bxd5 37. Nxd5 Bf4 38. b4 Kf7 39. c4 Ke6 40.
b5 Kd7 41. Kg2 Kc8 42. Nf6 Kc7 43. Nh5 Kb6 44. Nxg3 Kc5 45. Kf3 Bg5 46. Nf5
Kxc4 47. Kg4 Bd8 48. Nxd6+ Kb4 49. Kf5 Bc7 50. Ne8 Bb8 51. b6 Kb5 52. Nf6 Kc6
53. Ke6 Bd6 54. Nd5 Bb8 55. Ke7 Bd6+ 56. Kd8 Kb7 57. Kd7 Bb8 58. Ke6 Kc6 59.
Nf6 Bd6 60. Ne8 Bb4 61. Kxe5 1/2-1/2

[Event "Internationaal Jeugdtoernooi Limburg 5"]
[Site "Stein"]
[Date "1999.07.10"]
[Round "5"]
[White "Van Weersel, Arlette"]
[Black "Heltzel, Joost"]
[Result "0-1"]
[WhiteElo "1727"]
[BlackElo "1943"]
[PlyCount "88"]
[EventDate "1999.07.08"]
[EventType "swiss"]
[EventRounds "7"]
[EventCountry "NED"]
[Source "P.Boonen"]
[SourceDate "2009.01.01"]

1. e4 e5 2. Nf3 Nc6 3. Bc4 Bc5 4. b4 Bxb4 5. c3 Ba5 6. d4 exd4 7. O-O Nge7 8.
cxd4 d5 9. exd5 Nxd5 10. Qb3 Nce7 11. Ba3 c6 12. Bxe7 Kxe7 13. Nbd2 b5 14.
Rfe1+ Be6 15. Bd3 Kf8 16. Qa3+ Bb4 17. Qc1 Rc8 18. Rb1 Qa5 19. h3 h6 20. Kh1
Qa3 21. Qxa3 Bxa3 22. Rb3 Be7 23. Bb1 a5 24. Ne5 Bb4 25. Ng6+ fxg6 26. Rxe6
Bxd2 27. Bxg6 Bc3 28. g3 b4 29. Rb1 h5 30. Rc1 Rh6 31. Bf5 Rxe6 32. Bxe6 Rc7
33. Rc2 Re7 34. Bf5 Kf7 35. Kg2 Nc7 36. Bd3 Rd7 37. Bc4+ Kf6 38. Bb3 Rxd4 39.
Re2 c5 40. Re3 c4 41. Rf3+ Ke7 42. Ba4 Rd2 43. a3 Bd4 44. axb4 axb4 0-1

[Event "Internationaal Jeugdtoernooi Limburg 5"]
[Site "Stein"]
[Date "1999.07.10"]
[Round "5"]
[White "Van Weersel, Birgitta"]
[Black "Spronkmans, Stefan"]
[Result "1-0"]
[WhiteElo "1650"]
[BlackElo "1600"]
[PlyCount "94"]
[EventDate "1999.07.08"]
[EventType "swiss"]
[EventRounds "7"]
[EventCountry "NED"]
[Source "P.Boonen"]
[SourceDate "2009.01.01"]

1. d4 Nf6 2. c4 g6 3. Nc3 Bg7 4. Bf4 O-O 5. Nf3 d6 6. e4 Nbd7 7. Qd2 Re8 8. e5
Nh5 9. Be2 Nxf4 10. Qxf4 dxe5 11. dxe5 Nc5 12. Rd1 Bd7 13. O-O Ne6 14. Qe3 Qc8
15. b3 Bc6 16. Rd3 Rd8 17. Rxd8+ Qxd8 18. Rd1 Qe8 19. Nd5 Bxd5 20. cxd5 Nf8 21.
Qc5 e6 22. Qxc7 b6 23. Bc4 Qd8 24. Qxd8 Rxd8 25. d6 Nd7 26. h3 Nxe5 27. Nxe5
Bxe5 28. d7 Kf8 29. Bb5 Ke7 30. Rc1 h6 31. f3 g5 32. Kf2 f5 33. g3 f4 34. gxf4
gxf4 35. h4 Bd4+ 36. Kf1 Be3 37. Rd1 Bc5 38. Rc1 a5 39. Rc4 e5 40. Re4 Rg8 41.
Ke2 Bd4 42. Kd3 Kf7 43. Re1 Rg3 44. Rf1 Rh3 45. Ke4 Rg3 46. Rc1 Rg8 47. Rc6 Rh8
1-0

[Event "Internationaal Jeugdtoernooi Limburg 5"]
[Site "Stein"]
[Date "1999.07.10"]
[Round "5"]
[White "Vanwersch, Rob"]
[Black "Holtackers, Daan"]
[Result "1/2-1/2"]
[WhiteElo "1700"]
[BlackElo "1829"]
[PlyCount "45"]
[EventDate "1999.07.08"]
[EventType "swiss"]
[EventRounds "7"]
[EventCountry "NED"]
[Source "P.Boonen"]
[SourceDate "2009.01.01"]

1. e4 c5 2. g3 Nc6 3. Bg2 g6 4. f4 Bg7 5. Nf3 e6 6. d3 Nge7 7. c3 d5 8. e5 Nf5
9. O-O a5 10. Qe1 Bf8 11. Na3 Bd7 12. Nc2 Nce7 13. c4 dxc4 14. dxc4 Bc6 15. Qf2
Nh6 16. h3 Nef5 17. Be3 Qc7 18. Ng5 Nxe3 19. Nxe3 Be7 20. Ne4 Nf5 21. Rad1 Nd4
22. Nc2 O-O-O 23. b3 1/2-1/2

[Event "Internationaal Jeugdtoernooi Limburg 5"]
[Site "Stein"]
[Date "1999.07.10"]
[Round "5"]
[White "Weber, Tom"]
[Black "Schreiber, Christophe"]
[Result "0-1"]
[WhiteElo "1950"]
[BlackElo "2150"]
[PlyCount "52"]
[EventDate "1999.07.08"]
[EventType "swiss"]
[EventRounds "7"]
[EventCountry "NED"]
[Source "P.Boonen"]
[SourceDate "2009.01.01"]

1. e4 d6 2. d4 g6 3. Nc3 Bg7 4. Be3 a6 5. a4 b6 6. Qd2 c5 7. Nge2 Nd7 8. f3 Bb7
9. g4 Ngf6 10. Bh6 Bxh6 11. Qxh6 b5 12. Qe3 Qa5 13. g5 Nh5 14. Ng3 b4 15. Nce2
cxd4 16. Nxd4 Ng7 17. Bd3 Rc8 18. Nb3 Qe5 19. Qd4 Ne6 20. Qxb4 Rb8 21. Qd2 Qxb2
22. O-O Nd4 23. Na5 Nxf3+ 24. Rxf3 Qxa1+ 25. Rf1 Qd4+ 26. Kg2 O-O 0-1

[Event "Internationaal Jeugdtoernooi Limburg 5"]
[Site "Stein"]
[Date "1999.07.10"]
[Round "6"]
[White "Berkvens, Joost"]
[Black "Amesz, Jaap"]
[Result "1-0"]
[WhiteElo "2279"]
[BlackElo "2190"]
[PlyCount "57"]
[EventDate "1999.07.08"]
[EventType "swiss"]
[EventRounds "7"]
[EventCountry "NED"]
[Source "P.Boonen"]
[SourceDate "2009.01.01"]

1. f4 d5 2. g3 Nf6 3. Nf3 g6 4. Bg2 Bg7 5. O-O O-O 6. d3 c6 7. Nc3 d4 8. Ne4
Nd5 9. Qe1 Nd7 10. h3 h6 11. Bd2 Qb6 12. Rb1 f5 13. Nf2 Kh7 14. c3 c5 15. Qc1
Qd6 16. c4 N5f6 17. b4 Nh5 18. Kh2 e5 19. bxc5 Nxc5 20. fxe5 Bxe5 21. Nxe5 Qxe5
22. Bf4 Nxf4 23. Qxf4 Qxf4 24. gxf4 Rb8 25. Rfe1 Re8 26. a4 Nxa4 27. Bc6 bxc6
28. Rxb8 Nc3 29. Ra1 1-0

[Event "Internationaal Jeugdtoernooi Limburg 5"]
[Site "Stein"]
[Date "1999.07.10"]
[Round "6"]
[White "Dambacher, Martijn"]
[Black "Schreiber, Christophe"]
[Result "1/2-1/2"]
[WhiteElo "2288"]
[BlackElo "2150"]
[PlyCount "69"]
[EventDate "1999.07.08"]
[EventType "swiss"]
[EventRounds "7"]
[EventCountry "NED"]
[Source "P.Boonen"]
[SourceDate "2009.01.01"]

1. e4 d6 2. d4 Nf6 3. Nc3 g6 4. g3 Bg7 5. Bg2 Na6 6. Nge2 c5 7. h3 cxd4 8. Nxd4
Nc5 9. O-O a6 10. a4 Qc7 11. Be3 Rb8 12. Qd2 b6 13. Bh6 O-O 14. Bxg7 Kxg7 15.
Rae1 Bd7 16. b3 e5 17. Nf5+ Bxf5 18. exf5 h6 19. f4 Ncd7 20. Nd1 Qc5+ 21. Kh2
b5 22. axb5 axb5 23. Ne3 Rbc8 24. fxe5 Nxe5 25. fxg6 fxg6 26. Rf4 Nh7 27. Ref1
Rxf4 28. gxf4 Nf7 29. b4 Qc3 30. Qxc3+ Rxc3 31. Re1 Nf6 32. Bf1 Nh5 33. Bxb5
Nxf4 34. Rf1 g5 35. Bd3 1/2-1/2

[Event "Internationaal Jeugdtoernooi Limburg 5"]
[Site "Stein"]
[Date "1999.07.10"]
[Round "6"]
[White "Fragniere, Thiery"]
[Black "Van Weersel, Arlette"]
[Result "0-1"]
[WhiteElo "1950"]
[BlackElo "1727"]
[PlyCount "48"]
[EventDate "1999.07.08"]
[EventType "swiss"]
[EventRounds "7"]
[EventCountry "NED"]
[Source "P.Boonen"]
[SourceDate "2009.01.01"]

1. Nf3 e6 2. e4 g6 3. d4 Bg7 4. c4 d5 5. Nc3 dxe4 6. Nxe4 Nd7 7. Qa4 Ne7 8. g4
O-O 9. Bg5 f5 10. gxf5 Rxf5 11. Qb3 Qf8 12. Nh4 Rf7 13. O-O-O Nc6 14. d5 exd5
15. cxd5 Nd4 16. Qe3 Nf3 17. Bc4 Nde5 18. Bb3 Ng4 19. Qe2 Nxg5 20. Nxg5 Bh6 21.
f4 Rxf4 22. d6+ Kh8 23. dxc7 Bxg5 24. Kb1 Bxh4 0-1

[Event "Internationaal Jeugdtoernooi Limburg 5"]
[Site "Stein"]
[Date "1999.07.10"]
[Round "6"]
[White "Heltzel, Joost"]
[Black "Vinck, Martin"]
[Result "0-1"]
[WhiteElo "1943"]
[BlackElo "2042"]
[PlyCount "72"]
[EventDate "1999.07.08"]
[EventType "swiss"]
[EventRounds "7"]
[EventCountry "NED"]
[Source "P.Boonen"]
[SourceDate "2009.01.01"]

1. e4 c5 2. Nf3 d6 3. c4 e5 4. Nc3 g6 5. d3 Bg7 6. Be3 Nc6 7. g3 Nge7 8. Bg2
O-O 9. O-O a6 10. Rb1 Rb8 11. a3 b5 12. cxb5 axb5 13. b4 cxb4 14. axb4 f5 15.
Qb3+ Kh8 16. Ng5 f4 17. Bd2 Nd4 18. Qd1 f3 19. Nxf3 Bg4 20. Nxd4 Bxd1 21. Ne6
Qc8 22. Nxf8 Bc2 23. Rbc1 Bxd3 24. Nxg6+ hxg6 25. Rfd1 Bc4 26. Nxb5 Qe6 27. Na3
Bb3 28. Re1 Ba4 29. Nb1 Nc6 30. Nc3 Bb3 31. Nd5 Nd4 32. Bc3 Qg4 33. h3 Qe6 34.
Bxd4 exd4 35. Nf4 Qf7 36. Bf1 Bh6 0-1

[Event "Internationaal Jeugdtoernooi Limburg 5"]
[Site "Stein"]
[Date "1999.07.10"]
[Round "6"]
[White "Holtackers, Daan"]
[Black "Van Otten, Gerard J"]
[Result "0-1"]
[WhiteElo "1829"]
[BlackElo "1937"]
[PlyCount "68"]
[EventDate "1999.07.08"]
[EventType "swiss"]
[EventRounds "7"]
[EventCountry "NED"]
[Source "P.Boonen"]
[SourceDate "2009.01.01"]

1. e4 c5 2. Nc3 Nc6 3. g3 g6 4. Bg2 Bg7 5. d3 d6 6. Nge2 Nf6 7. Bg5 Bd7 8. Qd2
Rb8 9. Bh6 O-O 10. Bxg7 Kxg7 11. Nd1 b5 12. Ne3 b4 13. O-O Nd4 14. f4 Nxe2+ 15.
Qxe2 Kg8 16. g4 h6 17. f5 Kg7 18. Rf3 Qc7 19. Raf1 Bc6 20. fxg6 fxg6 21. Bh1
Nh7 22. h4 e6 23. Rxf8 Rxf8 24. Rxf8 Nxf8 25. e5 Bxh1 26. Kxh1 d5 27. Ng2 g5
28. hxg5 hxg5 29. Ne1 Ng6 30. Nf3 Qe7 31. c3 bxc3 32. bxc3 Nf4 33. Qd2 Kg6 34.
Qh2 Qd8 0-1

[Event "Internationaal Jeugdtoernooi Limburg 5"]
[Site "Stein"]
[Date "1999.07.10"]
[Round "6"]
[White "Michiels, Bart"]
[Black "Connel, Blair"]
[Result "0-1"]
[WhiteElo "2007"]
[BlackElo "2267"]
[PlyCount "94"]
[EventDate "1999.07.08"]
[EventType "swiss"]
[EventRounds "7"]
[EventCountry "NED"]
[Source "P.Boonen"]
[SourceDate "2009.01.01"]

1. e4 d5 2. exd5 Qxd5 3. Nc3 Qa5 4. d4 Nf6 5. Bc4 c6 6. Qe2 Bf5 7. Bd2 Qc7 8.
O-O-O Nbd7 9. h3 Bg6 10. g4 Nb6 11. Bb3 O-O-O 12. f4 e6 13. Nf3 Bb4 14. Na4
Bxd2+ 15. Qxd2 Nxa4 16. Bxa4 b5 17. Bb3 c5 18. c3 b4 19. c4 Be4 20. Rhf1 Bxf3
21. Rxf3 Rxd4 22. Qe3 Rhd8 23. Rxd4 Rxd4 24. Rf1 Qc6 25. Qe5 Kb7 26. Rd1 Qe4
27. Rxd4 Qxd4 28. Qg5 Nd7 29. Bc2 a6 30. Qe7 Qxf4+ 31. Kd1 Kc7 32. Qe8 Qd4+ 33.
Kc1 Qe3+ 34. Kd1 Qd4+ 35. Kc1 Ne5 36. Qe7+ Kb6 37. a4 b3 38. a5+ Kc6 39. Qe8+
Kc7 40. Qe7+ Kc6 41. Qe8+ Kc7 42. Qe7+ Kc8 43. Bxb3 Nd3+ 44. Kd1 Nb4+ 45. Ke2
Qxb2+ 46. Kf1 Qf6+ 47. Qxf6 gxf6 0-1

[Event "Internationaal Jeugdtoernooi Limburg 5"]
[Site "Stein"]
[Date "1999.07.10"]
[Round "6"]
[White "Severijnen, Arjon"]
[Black "Spronkmans, Stefan"]
[Result "1-0"]
[WhiteElo "1565"]
[BlackElo "1600"]
[PlyCount "43"]
[EventDate "1999.07.08"]
[EventType "swiss"]
[EventRounds "7"]
[EventCountry "NED"]
[Source "P.Boonen"]
[SourceDate "2009.01.01"]

1. e4 e5 2. f4 Bc5 3. Nf3 Nf6 4. Nc3 exf4 5. Bc4 O-O 6. d4 Bb4 7. e5 Ne8 8. Qd3
d6 9. Bxf4 h6 10. O-O Nc6 11. Ne2 Bg4 12. Bb3 dxe5 13. Bxe5 Bd6 14. Bxd6 Qxd6
15. c3 Bh5 16. Nh4 Bxe2 17. Qxe2 Nf6 18. Nf5 Qd7 19. Nxh6+ gxh6 20. Rxf6 Rae8
21. Qf3 Kg7 22. Qf4 1-0

[Event "Internationaal Jeugdtoernooi Limburg 5"]
[Site "Stein"]
[Date "1999.07.10"]
[Round "6"]
[White "Simenon, Jozef"]
[Black "Vanwersch, Rob"]
[Result "1/2-1/2"]
[WhiteElo "1600"]
[BlackElo "1700"]
[PlyCount "83"]
[EventDate "1999.07.08"]
[EventType "swiss"]
[EventRounds "7"]
[EventCountry "NED"]
[Source "P.Boonen"]
[SourceDate "2009.01.01"]

1. e4 Nc6 2. Nf3 d6 3. Nc3 Nf6 4. d4 Bg4 5. Be3 e6 6. Be2 Be7 7. O-O O-O 8. a3
d5 9. e5 Nd7 10. h3 Bh5 11. Na2 Ncb8 12. c3 c5 13. b4 c4 14. Qc2 Bg6 15. Qb2
Nb6 16. Bd1 Nc6 17. Re1 Qc7 18. Bc2 Bxc2 19. Qxc2 a5 20. b5 Na7 21. a4 Qd8 22.
Bf4 Nac8 23. Re2 Qd7 24. Rae1 Re8 25. Ng5 Bxg5 26. Bxg5 h6 27. Bh4 Ne7 28. Ra1
Nf5 29. Bg3 Nxg3 30. fxg3 Qe7 31. Nc1 Qg5 32. g4 Rf8 33. Qd2 Qxd2 34. Rxd2 f5
35. exf6 Rxf6 36. Rf2 Raf8 37. Rxf6 Rxf6 38. Ne2 Kh7 39. Ng3 Rf4 40. Ne2 Re4
41. Kf2 g5 42. g3 1/2-1/2

[Event "Internationaal Jeugdtoernooi Limburg 5"]
[Site "Stein"]
[Date "1999.07.10"]
[Round "6"]
[White "Snoeck, Rene"]
[Black "Van Weersel, Birgitta"]
[Result "1-0"]
[WhiteElo "1753"]
[BlackElo "1650"]
[PlyCount "117"]
[EventDate "1999.07.08"]
[EventType "swiss"]
[EventRounds "7"]
[EventCountry "NED"]
[Source "P.Boonen"]
[SourceDate "2009.01.01"]

1. d4 d6 2. c4 Nf6 3. Nc3 g6 4. e4 Bg7 5. f4 O-O 6. Nf3 Nbd7 7. Bd3 c6 8. O-O
a6 9. a4 Qc7 10. h3 e5 11. d5 cxd5 12. exd5 Nh5 13. f5 Nhf6 14. g4 Qb6+ 15. Kh2
Qc5 16. g5 Nh5 17. Ne4 Qc7 18. f6 Bh8 19. Be2 Nc5 20. Nfd2 Nf4 21. Nxc5 dxc5
22. Ne4 Bxh3 23. Rxf4 exf4 24. Kxh3 Qe5 25. Bf3 Rfd8 26. Qc2 Rac8 27. Bd2 Qf5+
28. Bg4 Qe5 29. Bc3 Qc7 30. Kg2 b5 31. axb5 axb5 32. Ba5 Qe5 33. Bxd8 Rxd8 34.
Ra3 bxc4 35. Ra4 Qxd5 36. Rxc4 h5 37. Bf3 Qd3 38. Qxd3 Rxd3 39. Rxc5 Rb3 40.
Rc2 Rb5 41. Nc3 Rxg5+ 42. Kf1 Bxf6 43. Ne4 Rf5 44. Nxf6+ Rxf6 45. b4 Rb6 46.
Re2 Kg7 47. b5 Kh6 48. Bc6 g5 49. Ra2 f6 50. Ra6 Rb8 51. b6 Rd8 52. b7 Rd1+ 53.
Ke2 Rb1 54. Ra8 g4 55. Rh8+ Kg5 56. b8=Q Rxb8 57. Rxb8 f3+ 58. Bxf3 gxf3+ 59.
Kxf3 1-0

[Event "Internationaal Jeugdtoernooi Limburg 5"]
[Site "Stein"]
[Date "1999.07.10"]
[Round "6"]
[White "Van Gemen, Felix"]
[Black "Ibrahim, Ashraf"]
[Result "1/2-1/2"]
[WhiteElo "1730"]
[BlackElo "1606"]
[PlyCount "40"]
[EventDate "1999.07.08"]
[EventType "swiss"]
[EventRounds "7"]
[EventCountry "NED"]
[Source "P.Boonen"]
[SourceDate "2009.01.01"]

1. e4 d5 2. exd5 Qxd5 3. Nc3 Qa5 4. d4 c6 5. Bc4 Nf6 6. Nge2 Bg4 7. O-O e6 8.
h3 Bh5 9. Bf4 Nbd7 10. a3 Be7 11. g4 Bg6 12. Ng3 O-O 13. h4 h6 14. g5 hxg5 15.
Bxg5 Qd8 16. h5 Bh7 17. h6 Bg6 18. Qd2 Re8 19. Kg2 Nd5 20. Bxe7 Qxe7 1/2-1/2

[Event "Internationaal Jeugdtoernooi Limburg 5"]
[Site "Stein"]
[Date "1999.07.10"]
[Round "6"]
[White "Wirig, Anthony"]
[Black "Weber, Tom"]
[Result "1/2-1/2"]
[WhiteElo "2150"]
[BlackElo "1950"]
[PlyCount "37"]
[EventDate "1999.07.08"]
[EventType "swiss"]
[EventRounds "7"]
[EventCountry "NED"]
[Source "P.Boonen"]
[SourceDate "2009.01.01"]

1. e4 c5 2. Nc3 Nc6 3. g3 g6 4. Bg2 Bg7 5. d3 d6 6. Be3 e6 7. Qd2 Rb8 8. h4 h5
9. Nge2 Nd4 10. Nd1 Ne7 11. c3 Nxe2 12. Qxe2 b6 13. d4 Bb7 14. O-O O-O 15. Qd2
Kh7 16. f3 Nc6 17. Nf2 Qe7 18. Rfd1 cxd4 19. cxd4 1/2-1/2

[Event "Internationaal Jeugdtoernooi Limburg 5"]
[Site "Stein"]
[Date "1999.07.11"]
[Round "7"]
[White "Amesz, Jaap"]
[Black "Wirig, Anthony"]
[Result "1/2-1/2"]
[WhiteElo "2190"]
[BlackElo "2150"]
[PlyCount "41"]
[EventDate "1999.07.08"]
[EventType "swiss"]
[EventRounds "7"]
[EventCountry "NED"]
[Source "P.Boonen"]
[SourceDate "2009.01.01"]

1. f4 d5 2. b3 c5 3. Bb2 Nc6 4. e3 e6 5. Nf3 Nf6 6. Bb5 Bd7 7. O-O a6 8. Bxc6
Bxc6 9. Ne5 Bd6 10. Nxc6 bxc6 11. d3 Qc7 12. Nd2 e5 13. e4 O-O 14. f5 c4 15.
Kh1 cxd3 16. cxd3 Rfd8 17. Qe2 a5 18. Rac1 d4 19. Rc4 Ra6 20. Rfc1 Rb8 21. Qd1
1/2-1/2

[Event "Internationaal Jeugdtoernooi Limburg 5"]
[Site "Stein"]
[Date "1999.07.11"]
[Round "7"]
[White "Ibrahim, Ashraf"]
[Black "Michiels, Bart"]
[Result "0-1"]
[WhiteElo "1606"]
[BlackElo "2007"]
[PlyCount "50"]
[EventDate "1999.07.08"]
[EventType "swiss"]
[EventRounds "7"]
[EventCountry "NED"]
[Source "P.Boonen"]
[SourceDate "2009.01.01"]

1. d4 d5 2. c4 e5 3. dxe5 d4 4. Nf3 Nc6 5. Bf4 Bg4 6. Nbd2 Qd7 7. g3 O-O-O 8.
Bg2 Nge7 9. O-O Ng6 10. Bg5 Be7 11. Bxe7 Qxe7 12. Re1 Ngxe5 13. Nxe5 Nxe5 14.
Qa4 Kb8 15. b4 h5 16. Rac1 h4 17. c5 hxg3 18. fxg3 Bh3 19. Bxb7 Kxb7 20. c6+
Ka8 21. Rc5 Nd3 22. Ra5 Qe3+ 23. Kh1 Nf2+ 24. Kg1 Ne4+ 25. Kh1 Nxg3+ 0-1

[Event "Internationaal Jeugdtoernooi Limburg 5"]
[Site "Stein"]
[Date "1999.07.11"]
[Round "7"]
[White "Severijnen, Arjon"]
[Black "Holtackers, Daan"]
[Result "0-1"]
[WhiteElo "1565"]
[BlackElo "1829"]
[PlyCount "60"]
[EventDate "1999.07.08"]
[EventType "swiss"]
[EventRounds "7"]
[EventCountry "NED"]
[Source "P.Boonen"]
[SourceDate "2009.01.01"]

1. e4 c5 2. b4 cxb4 3. Bb2 d5 4. e5 e6 5. d4 Bd7 6. Nf3 Qb6 7. Nbd2 Bb5 8. Be2
Qa6 9. Bxb5+ Qxb5 10. Nb3 Be7 11. Bc1 Nd7 12. Be3 Rc8 13. Qd3 Qxd3 14. cxd3 b6
15. O-O Nh6 16. Bxh6 gxh6 17. Rac1 O-O 18. h4 Rfd8 19. g3 a5 20. Nbd2 a4 21.
Rfd1 b5 22. Kg2 Nb6 23. Kf1 Rxc1 24. Rxc1 Rc8 25. Rxc8+ Nxc8 26. Ke1 b3 27.
axb3 a3 28. b4 a2 29. Nb3 Bxb4+ 30. Kd1 Bc3 0-1

[Event "Internationaal Jeugdtoernooi Limburg 5"]
[Site "Stein"]
[Date "1999.07.11"]
[Round "7"]
[White "Spronkmans, Stefan"]
[Black "Fragniere, Thiery"]
[Result "0-1"]
[WhiteElo "1600"]
[BlackElo "1950"]
[PlyCount "90"]
[EventDate "1999.07.08"]
[EventType "swiss"]
[EventRounds "7"]
[EventCountry "NED"]
[Source "P.Boonen"]
[SourceDate "2009.01.01"]

1. e4 Nf6 2. e5 Nd5 3. c4 Nb6 4. Nc3 d6 5. exd6 cxd6 6. d4 g6 7. Nf3 Bg7 8. Bd3
Bg4 9. Be3 Nc6 10. h3 Bd7 11. O-O O-O 12. a3 Qc8 13. Kh2 Bf5 14. b4 Bxd3 15.
Qxd3 Qd7 16. Rfd1 Rfd8 17. Rac1 e6 18. Ne2 Rac8 19. Qb3 d5 20. c5 Nc4 21. Bf4
h6 22. Qc3 Kh7 23. Nd2 b5 24. Nb1 a5 25. Nd2 axb4 26. axb4 Ra8 27. Nxc4 dxc4
28. Bd6 Ra2 29. Rd2 Rda8 30. Rdc2 R8a4 31. Rxa2 Rxa2 32. Re1 Qa7 33. Bf4 Ra3
34. Qb2 Rb3 35. Qd2 Ra3 36. Qc1 Nxb4 37. Bd2 Nd5 38. g3 Qa6 39. Rh1 Qa4 40. Rd1
Qb3 41. Rh1 b4 42. Nf4 Qf3 43. Rf1 Bxd4 44. Nxd5 exd5 45. Kg1 Bxc5 0-1

[Event "Internationaal Jeugdtoernooi Limburg 5"]
[Site "Stein"]
[Date "1999.07.11"]
[Round "7"]
[White "Van Otten, Gerard J"]
[Black "Berkvens, Joost"]
[Result "0-1"]
[WhiteElo "1937"]
[BlackElo "2279"]
[PlyCount "46"]
[EventDate "1999.07.08"]
[EventType "swiss"]
[EventRounds "7"]
[EventCountry "NED"]
[Source "P.Boonen"]
[SourceDate "2009.01.01"]

1. e4 e5 2. Nf3 Nc6 3. Bb5 a6 4. Ba4 Nf6 5. O-O b5 6. Bb3 Bb7 7. Re1 Bc5 8.
Nxe5 Nxe5 9. d4 Nfg4 10. Bf4 Nxf2 11. Qh5 Nh3+ 12. Kh1 Nxf4 13. Qxe5+ Qe7 14.
Qxf4 Bxd4 15. Qxc7 Bc6 16. Nc3 Be5 17. Qb6 Qh4 18. Qg1 O-O 19. Rad1 a5 20. a3
a4 21. Bd5 b4 22. Ne2 Bxd5 23. Rxd5 Bxh2 0-1

[Event "Internationaal Jeugdtoernooi Limburg 5"]
[Site "Stein"]
[Date "1999.07.11"]
[Round "7"]
[White "Van Weersel, Arlette"]
[Black "Van Gemen, Felix"]
[Result "0-1"]
[WhiteElo "1727"]
[BlackElo "1730"]
[PlyCount "82"]
[EventDate "1999.07.08"]
[EventType "swiss"]
[EventRounds "7"]
[EventCountry "NED"]
[Source "P.Boonen"]
[SourceDate "2009.01.01"]

1. e4 e6 2. c4 d5 3. cxd5 exd5 4. Qa4+ c6 5. Nf3 dxe4 6. Qxe4+ Be7 7. Bc4 Nf6
8. Qe2 O-O 9. O-O Bg4 10. d3 Re8 11. Be3 Nbd7 12. d4 Nb6 13. Bb3 Qc7 14. Nbd2
Nbd5 15. Qd3 Rad8 16. Ne5 Bd6 17. f4 Re7 18. Ndf3 Nxe3 19. Qxe3 Nd5 20. Bxd5
cxd5 21. Qb3 Bxf3 22. Rac1 Qa5 23. Rxf3 f6 24. Nd3 b6 25. Rc6 Re4 26. Qc3 Qa4
27. b4 Bf8 28. a3 Rde8 29. Rc7 a5 30. h3 Qd1+ 31. Rf1 axb4 32. axb4 Qe2 33. Rf2
Qe3 34. b5 Rxd4 35. Nb2 Qxc3 36. Rxc3 Rb4 37. Kf1 Rxb5 38. Rd3 Rd8 39. g4 Rb4
40. Kg2 Bc5 41. Rfd2 Rxf4 0-1